Авторы пропагандистских литературных произведений - Statistics

General Stats
  • This quiz has been taken 8 times
  • The average score is 7 of 15
Answer Stats
Произведения Автор % Correct
"Поднятая целина", "Тихий Дон" Михаил Шолохов
100%
"Песня о Соколе", "На дне" Максим Горький
100%
"Василий Тёркин" Александр Твардовский
100%
"Молодая гвардия", "Разгром" Александр Фадеев
67%
"Как закалялась сталь" Николай Островский
67%
"Туманность Андромеды" Иван Ефремов
50%
"Повесть о настоящем человеке" Борис Полевой
33%
"Военная тайна", "Горячий камень" Аркадий Гайдар
33%
"А зори здесь тихие" Борис Васильев
33%
"Горячий снег" Юрий Бондарев
33%
"Уроки французского" Валентин Распутин
33%
"Вечный зов" Анатолий Иванов
17%
"Владимир Ильич Ленин" Владимир Маяковский
17%
"Тля" Иван Шевцов
0%
"Юрий Милославский, или Русские в 1612 году" Михаил Загоскин
0%
No matching quizzes found
Score Distribution
Percent of People with Each Score
Percentile by Number Answered
Your Score History
You have not taken this quiz